Object oriented software technologies in telecommunications : (Record no. 175850)
[ view plain ]
| 000 -LEADER | |
|---|---|
| fixed length control field | 01219 a2200265 4500 |
| 003 - CONTROL NUMBER IDENTIFIER | |
| control field | Nust |
| 005 - DATE AND TIME OF LATEST TRANSACTION | |
| control field | 20220816165117.0 |
| 010 ## - LIBRARY OF CONGRESS CONTROL NUMBER | |
| LC control number | 00023094 |
| 020 ## - INTERNATIONAL STANDARD BOOK NUMBER | |
| International Standard Book Number | 0471623792 (alk. paper) |
| 040 ## - CATALOGING SOURCE | |
| Transcribing agency | Nust |
| 082 00 - DEWEY DECIMAL CLASSIFICATION NUMBER | |
| Classification number | 621.38202855117,OBJ |
| 245 00 - TITLE STATEMENT | |
| Title | Object oriented software technologies in telecommunications : |
| Remainder of title | from theory to practice / |
| Statement of responsibility, etc. | edited by Iakovos Venieris, Fabrizio Zizza, Thomas Magedanz. |
| 260 ## - PUBLICATION, DISTRIBUTION, ETC. | |
| Place of publication, distribution, etc. | Chichester ; |
| -- | New York : |
| Name of publisher, distributor, etc. | Wiley, |
| Date of publication, distribution, etc. | c2000. |
| 300 ## - PHYSICAL DESCRIPTION | |
| Extent | xxii, 271 p. : |
| Other physical details | ill. ; |
| Dimensions | 25 cm. |
| 505 ## - FORMATTED CONTENTS NOTE | |
| Formatted contents note | Part 1:- The Need for Advanced Software Technologies in Telecommunication Networks (Page-1), Part 2:- Enabling Software Technologies (Page-47),Part 3:- Case Study Distributed Intelligent Broadband Network (Page-171). |
| 650 #0 - SUBJECT ADDED ENTRY--TOPICAL TERM | |
| Topical term or geographic name entry element | Object-oriented programming (Computer science) |
| 650 #0 - SUBJECT ADDED ENTRY--TOPICAL TERM | |
| Topical term or geographic name entry element | Software engineering. |
| 9 (RLIN) | 2256 |
| 650 #0 - SUBJECT ADDED ENTRY--TOPICAL TERM | |
| Topical term or geographic name entry element | Telecommunication Engineering |
| 700 1# - ADDED ENTRY--PERSONAL NAME | |
| Personal name | Magedanz, Thomas. |
| 9 (RLIN) | 97502 |
| 700 1# - ADDED ENTRY--PERSONAL NAME | |
| Personal name | Venieris, Iakovos. |
| 9 (RLIN) | 97503 |
| 700 1# - ADDED ENTRY--PERSONAL NAME | |
| Personal name | Zizza, Fabrizio. |
| 9 (RLIN) | 97504 |
| 856 42 - ELECTRONIC LOCATION AND ACCESS | |
| Materials specified | Publisher description |
| Uniform Resource Identifier | <a href="http://www.loc.gov/catdir/description/wiley035/00023094.html">http://www.loc.gov/catdir/description/wiley035/00023094.html</a> |
| 856 42 - ELECTRONIC LOCATION AND ACCESS | |
| Materials specified | Table of Contents |
| Uniform Resource Identifier | <a href="http://www.loc.gov/catdir/toc/onix06/00023094.html">http://www.loc.gov/catdir/toc/onix06/00023094.html</a> |
| 942 ## - ADDED ENTRY ELEMENTS (KOHA) | |
| Koha item type | Reference |
| Source of classification or shelving scheme | |
| Withdrawn status | Lost status | Source of classification or shelving scheme | Damaged status | Not for loan | Permanent Location | Current Location | Shelving location | Date acquired | Full call number | Barcode | Date last seen | Price effective from | Koha item type | Public note |
|---|---|---|---|---|---|---|---|---|---|---|---|---|---|---|
| Military College of Signals (MCS) | Military College of Signals (MCS) | Reference | 12/12/2016 | 621.38202855117,OBJ | MCS28328 | 12/08/2016 | 12/12/2016 | Reference | Almirah No.22, Shelf No.2 |
